000 00722cam a2200253 4500
999 _c219483
_d219483
001 829553
003 Nust
005 20170210093316.0
008 720320s1971 enk 000 1 eng
010 _a 76889825
015 _aB71-28081
020 _a9780141441139
040 _aDLC
_cDLC
_dDLC
050 0 0 _aPR6011.O58
_bM3 1971
082 0 0 _a823.912
_bFOR
100 1 _aForster, E. M.
_q(Edward Morgan),
_d1879-1970.
245 1 0 _aMaurice:
_ba novel.
260 _aLondon,
_bEdward Arnold,
_c1971.
300 _axi, 232 p.
_c23 cm.
350 _a£2.00
650 0 _aGay men
_xFiction.
651 0 _aEngland
_xFiction.
906 _a7
_bcbc
_corignew
_d3
_encip
_f19
_gy-gencatlg
942 _2ddc
_cBK